000 02004nam0a2200361 i 4500
001 RU\NLR\bibl\1978060
005 20260607052936.0
010 _a9785930610680
_91200
021 _aRU
_b2012-96871
_97162
035 _a(NLR Aleph) 002068439
090 _a4729820
_c4729819
100 _a20121210d2012 k y0rusy50 ca
101 0 _arus
102 _aRU
105 _aa |||||||||
200 1 _aРусь в IX - X веках
_eархеологическая панорама
_e[сборник статей]
_fРос. акад. наук, Ин-т археологии [и др.]
_gотв. ред.: акад. Н.А. Макаров
210 _aМосква
_aВологда
_cДревности Севера
_d2012
215 _a495 с.
_cил., цв. ил., карт.
_d30
300 _aВ надзаг. также: Рос. гуманит. науч. фонд
300 _aНа обл.: 1150 лет российской государственности
300 _aНа развороте тит. л.: Целевой конкурс "1150 лет российской государственности"
320 _aБиблиогр.: с. 460-493 и в подстроч. примеч.
607 _aДревняя Русь
_jСборники
_xИсторико-археологические исследования
_92302967
_3RU\NLR\auth\661378680
686 _aТ3(2)414-02я43
686 _aТ4(2)43я43
702 1 _4340
_8rus
_7ca
_aМакаров
_bН. А.
_cд-р ист. наук
_f1955-
_gНиколай Андреевич
_3RU\NLR\auth\7731423
_914433
711 1 2 _a"1150 лет российской государственности", целевой конкурс
_eМосква
_f2012
_9345725
_3RU\NLR\AUTH\8810230359
712 0 2 _4570
_aИнститут археологии
_cМосква
_9410279
_3RU\NLR\AUTH\889957087
801 0 _aRU
_bNLR
_c20121210
_gRCR
801 1 _aRU
_bNLR
_c20121210
942 _cBOOK
980 _aNBR